000 00391nam a2200157Ia 4500
008 230312s9999||||xx |||||||||||||| ||und||
020 _a81-7722-756-7
082 _a658
_bCYN-H
100 _aFisher,Cynthia,D
245 0 _aHuman Resource Management
260 _bBiztantra
_aIndia
_c2009
300 _a819
546 _aEng.
650 _aManagement
_vHuman Resource Management
942 _cBK
999 _c5864
_d5864